Výšková administratívna budova s dvojitou transparentnou fasádou

Guardado en:
Detalles Bibliográficos
Autor principal: Petrík, Michal (Autor)
Otros Autores: Bielek, Boris (Orientador)
Formato: Manuscrito Libro
Lenguaje:eslovaco
Publicado: 2024
Materias:
Acceso en línea:http://is.stuba.sk/zp/portal_zp.pl?podrobnosti=175955
https://opac.crzp.sk/?fn=detailBiblioForm&sid=AA0D9432EF6DE826CD12184F11D3
Etiquetas: Agregar Etiqueta
Sin Etiquetas, Sea el primero en etiquetar este registro!

MARC

LEADER 00000ntm a22000003a 4500
001 stuzp98866
003 SK-STU
005 20240925104759.0
007 ta
008 150427s2015----xo-----f-mn---000-0-slo-d
040 |a STU  |b slo 
041 0 |a slo 
100 1 |a Petrík, Michal  |u 010180  |4 aut  |U SvF Stavebná fakulta  |T SvF Katedra konštrukcií pozemných stavieb  |X 98198  |U V180  |Y 18  |7 98198 
242 0 1 |a High-rise office building with a double-skin transparent facade  |y eng 
245 1 0 |a Výšková administratívna budova s dvojitou transparentnou fasádou 
260 |c 2024 
650 4 |a administratívna budova  |2 slo 
650 4 |a medzipriestor  |2 slo 
650 4 |a podzemná garáž  |2 slo 
650 4 |a výšková budova  |2 slo 
650 4 |a bezbariérovosť  |2 slo 
650 4 |a administrative building  |2 eng 
650 4 |a underground garage  |2 eng 
650 4 |a high-rise building  |2 eng 
650 4 |a barrier-free  |2 eng 
650 4 |a corridor  |2 eng 
700 1 |a Bielek, Boris  |u 010180  |k Z1  |4 ths  |U SvF Stavebná fakulta  |T SvF Katedra konštrukcií pozemných stavieb  |X 4303  |U V180  |Y 18  |7 A000004303 
856 4 |u http://is.stuba.sk/zp/portal_zp.pl?podrobnosti=175955 
856 4 |u https://opac.crzp.sk/?fn=detailBiblioForm&sid=AA0D9432EF6DE826CD12184F11D3